000 00485nam a2200181Ia 4500
005 20250508162531.0
008 008 250505s9999 xx 000 0 hin d
037 _aTextual
040 _aFEDL
_beng
_cFEDL
041 _ahin
_2eng
084 _a808.8, PRE
_qFEDL
100 _aSharan Ed.
245 0 _aPremchand aur unki suktiya
260 _aDelhi, India
_bPrem Prakashan Mandir
_c1984
300 _a135p.
942 _cTEXL
_h808.8, PRE
999 _c1377147
_d1377147